| 000 | 00480nam a2200205Ia 4500 | ||
|---|---|---|---|
| 008 | 170918s9999 xx 000 0 und d | ||
| 020 | _a9780439026994 | ||
| 050 | _bC264 2006 | ||
| 100 | _aCarbone, Elisa | ||
| 245 | _aBlood on the river : | ||
| 245 | _bJames town 1607 / | ||
| 245 | _cby Elisa Carbone. | ||
| 260 | _aNew York : | ||
| 260 | _bScholastic, | ||
| 260 | _c2006 | ||
| 300 | _a237 pages : | ||
| 300 | _billustrations ; | ||
| 300 | _c19cm. | ||
| 500 | _a820 | ||
| 999 |
_c343957 _d343957 |
||